01475nam a2200265 a 450000100100000000500170001000800410002704000250006808200160009310000290010924501370013826000710027530000360034649000130038250000790039550000420047470000250051683000190054195201280056095201280068895201280081695201220094495201280106699900150119400000682120200929154012.0090903s1986 dr ad 001 0 spa d aDO-SdBNPbspacBNPHU axxxxbC965c1 aCuevas, Carlos E.91896310aCostos de operación y economías de escala en el Banco Agrícola de la República Dominicana /cCarlos E. Cuevas, Jeffrey Poyo. aSanto Domingo :bCentro de Estudios Monetarios y Bancarios,c1986. a49 p. :bil., gráf. ;c21 cm.1 aEstudios aIncluye datos biográficos de lo autores en la solapa y la contracubierta aIncluye notas al pie de las páginas1 aPoyo, Jeffrey918287 0aEstudios93854 001054708DSaGRbGRcCTd2009-09-03iLF1l0oxxxx C965cp6821-30r2020-06-25te. 3w2020-06-25yLFDSZPréstamo en sala 001054708DSaGRbGRcCTd2009-09-03iLF1l0oxxxx C965cp6821-40r2020-06-25te. 4w2020-06-25yLFDSZPréstamo en sala 001054708DSaGRbGRcCTd2009-09-03iLF1l0oxxxx C965cp6821-50r2020-06-25te. 5w2020-06-25yLFDSZPréstamo en sala 001054708PDaPDbPDcCTd2009-09-03iLF1l0oxxxx C965cp6821-10r2020-06-25w2020-06-25yLFPDZPréstamo en sala 001053728PDaPDbPDcCTd2009-09-03iLF1l0oxxxx C965cp6821-20r2020-06-25te. 2w2020-06-25yLFPDZPréstamo en sala c6609d6609